000 00388nam a2200133Ia 4500
003 GCL
008 140319s9999 xx 000 0 ara d
040 _aGCL /
_cGCL
082 0 4 _a813.01
_bب ح
100 1 _aبدر الديب
245 1 0 _aحديث شخصى: اربع تنويعات /
_cبدر الديب
300 _a197 ص
490 _aالهيئة العامة للاستعلامات
_v0
999 _c47580
_d47580